000 00644nam a2200205Ii 4500
003 JO-AjNU
008 230605s9999||||xx |||||||||||||| ||und||
017 _a2009/9/3876
040 _aJO-AjNU
_bara
_erda
_cJO-AjNU
041 _aara
050 1 4 _aPJ7876.U97.A17 2009
100 3 _aالزيودي،حبيب,
_eauthor
_923102
245 0 0 _aناي الراعي: مختارات أردنية
264 3 1 _aعمان: وزارة الثقافة، 2009
300 _a386ص
336 _atext
_btxt
_2rdacontent
337 _aunmediated
_bn
_2rdamedia
338 _avolume
_bnc
_2rdacarrier
650 4 _aالشعر العربي - الأردن
_923103
999 _aA8305
_c11873
_d11873